Normal view MARC view
  • Frabetti, Carlo,

Entry Nombre Personal

Number of records used in: 6

001 - NUMERO DE CONTROL

  • campo de control: 35936

003 - IDENTIFICADOR DE NUMERO DE CONTROL

  • campo de control: UPN

005 - FECHA Y HORA DE LA ÜLTIMA TRANSACCIÓN

  • campo de control: 20211020175408.0

008 - DATOS DE LONGITUD FIJA

  • campo de control de longitud fija: 211020ng acannaabn | aaa d

035 ## - NUMERO DE CONTROL

  • Número de control: UPN11000008043

040 ## - FUENTE DE CATALOGACIÓN

  • Lenguaje de catalogación: SPA
  • Agencia de transcripción: UPN
  • Agencia original de catalogación: UPN

053 #4 - NÚMERO DE CLASIFICACIÓN LC

  • Número de clasificación elemento-número único o número inicial de tramo: PQ6656 R2.3

100 1# - ENCABEZAMIENTO - NOMBRE PERSONAL

  • Nombre personal: Frabetti, Carlo,
  • Fechas asociadas con el nombre: 1945-

670 ## - FUENTE EN LA QUE SE LOCALIZARON DATOS

  • Cita de la fuente: Wikipedia

680 ## - NOTA PUBLICA DE ACCESO PÚBLICO

  • Encabezamiento o subdivisión: Escritor, guionista de televisión, matemático y crítico de cómics italiano residente en España

902 ## - CATALOGADOR

  • Catalogador: CAA/071014